000 00299nam a22001337a 4500
008 170523b xxu||||| |||| 00| 0 eng d
020 _a9780133904109
041 _aeng
080 _23RD
_a94(100)
100 _a16
101 _aSHH
245 _aA HISTORY OF ENGLAND
_cROBERTS, C
942 _2udc
_cBK
999 _c13839
_d13839